000 00271nam a2200109Ia 4500
008 260210s9999 xx 000 0 und d
020 _a9781641162678
100 _aBobby Perez,
245 0 _aLandscape Ecology: Theory and Practice
260 _bCallisto Ref.
942 _cPG
999 _c14040
_d14040